A manual of chemical and biological methods for seawater analysis

Spremljeno u:
Bibliografski detalji
Glavni autor: Parsons, Timothy Richard
Format: Knjiga
Jezik:Undetermined
Izdano: New York Pergamon Press 1984
Teme:
Oznake: Dodaj oznaku
Bez oznaka, Budi prvi tko označuje ovaj zapis!
Thư viện lưu trữ: Trung tâm Học liệu Trường Đại học Cần Thơ
LEADER 00590nam a2200205Ia 4500
001 CTU_150048
008 210402s9999 xx 000 0 und d
020 |c 16.5 
082 |a 551.46 
082 |b P.269 
100 |a Parsons, Timothy Richard 
245 2 |a A manual of chemical and biological methods for seawater analysis 
245 0 |c Timothy R. Parsons, Yoshiaki Maita, Carol M. Lalli 
260 |a New York 
260 |b Pergamon Press 
260 |c 1984 
650 |a Seawater 
650 |x Analysis 
904 |i Giang 
980 |a Trung tâm Học liệu Trường Đại học Cần Thơ